U.S. States with the Largest German Populations - Statistics

General Stats
  • This quiz has been taken 82 times
  • The average score is 9 of 10
Answer Stats
Rank German Population State % Correct
9 2,250,309 New York
99%
1 6,517,470 California
97%
3 3,231,788 Ohio
97%
2 4,491,269 Pennsylvania
96%
8 2,270,456 Florida
90%
4 2,668,955 Illinois
90%
5 2,542,996 Texas
90%
7 2,271,091 Michigan
89%
10 1,949,346 Minnesota
86%
6 2,455,980 Wisconsin
86%
No matching quizzes found
Score Distribution
Percent of People with Each Score
Percentile by Number Answered
Your Score History
You have not taken this quiz